History Quiz

Random History or Discovery Quiz

Astronauts by Project Quiz Stats

 Plays Quiz not verified by Sporcle

Score 0/44 Timer 04:00
0 Plays Today
% Correct
Mercury
83.2%
Apollo
83.2%
Apollo
83.2%
Mercury
82.1%
Apollo
82.1%
Mercury
81.1%
Mercury
81.1%
Apollo
81.1%
Mercury
80%
Apollo
80%
Apollo
78.9%
Apollo
78.9%
Apollo
78.9%
Apollo
78.9%
Gemini
77.9%
Apollo
77.9%
Apollo
77.9%
Apollo
77.9%
Gemini
76.8%
Apollo
76.8%
Apollo
76.8%
Apollo
76.8%
% Correct
Apollo
75.8%
Mercury
74.7%
Gemini
74.7%
Gemini
74.7%
Gemini
74.7%
Apollo
74.7%
Gemini
73.7%
Apollo
73.7%
Apollo
73.7%
Gemini
72.6%
Apollo
72.6%
Apollo
72.6%
Gemini
71.6%
Gemini
71.6%
Apollo
71.6%
Gemini
70.5%
Apollo
70.5%
Apollo
68.4%
Gemini
65.3%
Gemini
63.2%
Apollo
58.9%
Gemini
58.9%

You're not logged in!

Compare scores with friends on all Sporcle quizzes.
OR
Log In

Sporcle TV

Today on Sporcle TV


Watch our educational content, quiz creation guides, and fun videos on Sporcle TV.

Show Comments

Extras

Top Quizzes Today


Score Distribution

Your Account Isn't Verified!

In order to create a playlist on Sporcle, you need to verify the email address you used during registration. Go to your Sporcle Settings to finish the process.

Report this User

Report this user for behavior that violates our Community Guidelines.

Details: